000 01109 a2200193 4500
003 Nust
005 20230711103134.0
020 _a0131970895
040 _cNust
082 _a629.895,MAZ
100 _aAli Mazidi, Muhammad
_9113518
245 _aThe 8051 Microcontroller and Embedded Systems :
_busing Assembly and C /
_cMuhammad Ali Mazidi and janice Gillispe Mazidi and Rolin D Mckinlay
250 _a2nd
260 _aNew Jersy
_bPrentice Hall
_c2006
300 _a626
505 _aIntroduction To Computing (Page-1), The 8051 Microcontrollers (Page-23),8051 Assembly Language Programming (Page-37), Jump, Loop And Call Instructions (Page-69), I/O Port Programming (Page-93), Arithmetic and Logic Instructions and Programs (Page-139), 8051 Programming In C (Page-181), 8051 Hardware Connection and Intel Hex File (Page-217), 8051 Timer Programming in Assembly and C (Page-239), 8051 Serial Port Programming (Page-277), Interrupts in Programming (Page-317), LCD and Keyboard Interfacing (Page-351), ADC, DAC and Sensor Interfacing (Page-373).
650 _aMicrocontroller
_958161
942 _2ddc
_cBK
999 _c178784
_d178784